LEADER 00868nam0-22003011i-450- 001 990003852620403321 005 20080114090042.0 035 $a000385262 035 $aFED01000385262 035 $a(Aleph)000385262FED01 035 $a000385262 100 $a20030910d1930----km-y0itay50------ba 101 0 $aeng 102 $aIT 200 1 $a<>theory of interest$eas determined by impatience to spend income and opportunity to invest it$fby Irving Fisher 210 $aNew York$cMacmillan$d1930. 215 $axxvii, 566 p.$d22 cm 610 0 $aTassi d'interesse 676 $aJ/1.510 676 $aJ/4.21 700 1$aFisher,$bIrving$f<1867-1947>$0101947 801 0$aIT$bUNINA$gRICA$2UNIMARC 901 $aBK 912 $a990003852620403321 952 $aJ/4.21 FIS$b8651/F$fSES 959 $aSES 996 $aTheory of interest$9515443 997 $aUNINA LEADER 01147nac--2200337---450- 001 990005833140203316 005 20130419115258.0 035 $a000583314 035 $aUSA01000583314 035 $a(ALEPH)000583314USA01 035 $a000583314 100 $a20130419d1972----km-y0itay50------ba 101 0 $aita 102 $aIT 105 $ay|||z|||001yy 200 1 $aQ. Cataudella, La facezia in Grecia e a Roma: saggio introduttivo e ampia antologia, Firenze, Le Monnier, 1971$f[recensione di Aldo Bartalucci] 210 $a[S.l.$cs.n.]$d1972 215 $a[117]-125 p.$d24 cm 300 $aTitolo dell'intitolazione 300 $aNome dell'autore a p. 125 300 $aEstratto da: Atene e Roma, nuova serie, 17, fasc. 2-3 (1972) 676 $a887 700 1$aBARTALUCCI,$bAldo$0187281 801 0$aIT$bsalbc$gISBD 912 $a990005833140203316 951 $aXV.8. 1623$b226676 L.M.$cXV.8. 959 $aBK 969 $aFSO 979 $aANNAMARIA$b90$c20130419$lUSA01$h1152 996 $aQ. Cataudella, La facezia in Grecia e a Roma: saggio introduttivo e ampia antologia, Firenze, Le Monnier, 1971$91517691 997 $aUNISA